Harvard business review on strategies for growth
Enregistré dans:
| Format: | Livre |
|---|---|
| Langue: | Undetermined |
| Publié: |
Boston, MA
Harvard Business School Press
1998
|
| Sujets: | |
| Tags: |
Ajouter un tag
Pas de tags, Soyez le premier à ajouter un tag!
|
| Thư viện lưu trữ: | Trung tâm Học liệu Trường Đại học Cần Thơ |
|---|
| LEADER | 00494nam a2200157Ia 4500 | ||
|---|---|---|---|
| 001 | CTU_97891 | ||
| 008 | 210402s9999 xx 000 0 und d | ||
| 082 | |a 658.04 | ||
| 082 | |b H339 | ||
| 245 | 0 | |a Harvard business review on strategies for growth | |
| 260 | |a Boston, MA | ||
| 260 | |b Harvard Business School Press | ||
| 260 | |c 1998 | ||
| 650 | |a Diversification in industry,Consolidation and merger of corporations | ||
| 904 | |i Năm | ||
| 980 | |a Trung tâm Học liệu Trường Đại học Cần Thơ | ||